[Event "Dieren op"]
[Site "Dieren"]
[Date "2023.08.02"]
[Round "8"]
[White "Baselmans, Luuk"]
[Black "Shakhverdian, William"]
[Result "1-0"]
[WhiteElo "2338"]
[BlackElo "2129"]
[PlyCount "45"]
[EventDate "2023.07.25"]
[EventType "swiss"]
[EventRounds "9"]
[EventCountry "NED"]
[SourceTitle "CBM 215 Extra"]
[Source "ChessBase"]
[SourceDate "2023.09.30"]
[SourceVersion "1"]
[SourceVersionDate "2023.09.30"]
[SourceQuality "1"]

1. e4 e5 2. Nc3 Nf6 3. d4 exd4 4. Qxd4 Nc6 5. Qd3 Bc5 6. Bf4 0-0 7. 0-0-0 Ng4 8. Bg3 Nxf2 9. Bxf2 Bxf2 10. Nf3 d6 11. Qd2 Bb6 12. Qf4 Qe8 13. Bb5 Bd7 14. Rhe1 f6 15. Kb1 Rd8 16. Nd5 Ne5 17. Bxd7 Rxd7 18. Nh4 Ng6 19. Nxg6 hxg6 20. Qg4 g5 21. h4 gxh4 22. Rf1 h3 23. Qxh3 1-0

[Event "Dieren op"]
[Site "Dieren"]
[Date "2023.07.31"]
[Round "6"]
[White "Shakhverdian, William"]
[Black "Van Kuijk, Vadim"]
[Result "1/2-1/2"]
[WhiteElo "2129"]
[BlackElo "1997"]
[PlyCount "75"]
[EventDate "2023.07.25"]
[EventType "swiss"]
[EventRounds "9"]
[EventCountry "NED"]
[SourceTitle "CBM 215 Extra"]
[Source "ChessBase"]
[SourceDate "2023.09.30"]
[SourceVersion "1"]
[SourceVersionDate "2023.09.30"]
[SourceQuality "1"]

1. Nf3 d5 2. g3 g6 3. Bg2 Bg7 4. d4 c6 5. 0-0 Nf6 6. b3 c5 7. c3 cxd4 8. cxd4 0-0 9. Bb2 Nc6 10. Nbd2 Bf5 11. Ne5 Nxe5 12. dxe5 Ng4 13. Nf3 Be4 14. Re1 Qb8 15. h3 Nxe5 16. Qd2 Nc6 17. Bxg7 Kxg7 18. Qb2+ e5 19. b4 f6 20. Rac1 Qd6 21. a3 Rac8 22. h4 Rc7 23. h5 g5 24. Red1 Rd8 25. b5 Na5 26. Rxc7+ Qxc7 27. Nxg5 fxg5 28. Bxe4 dxe4 29. Rxd8 Qxd8 30. Qxe5+ Qf6 31. Qc7+ Kh6 32. Qxa5 e3 33. fxe3 Qe5 34. Kf2 Qf5+ 35. Ke1 Qb1+ 36. Kf2 Qf5+ 37. Kg1 Qb1+ 38. Kf2 1/2-1/2

[Event "Dieren op"]
[Site "Dieren"]
[Date "2023.07.25"]
[Round "1"]
[White "Beerdsen, Thomas"]
[Black "Shakhverdian, William"]
[Result "1-0"]
[WhiteElo "2520"]
[BlackElo "2129"]
[PlyCount "49"]
[EventDate "2023.07.25"]
[EventType "swiss"]
[EventRounds "9"]
[EventCountry "NED"]
[SourceTitle "CBM 215 Extra"]
[Source "ChessBase"]
[SourceDate "2023.09.30"]
[SourceVersion "1"]
[SourceVersionDate "2023.09.30"]
[SourceQuality "1"]

1. e4 e5 2. Nf3 Nc6 3. Bc4 Bc5 4. b4 Bxb4 5. c3 Be7 6. d4 Na5 7. Bd3 d6 8. dxe5 Nc6 9. Qb3 Qd7 10. Bc4 Bf8 11. exd6 Bxd6 12. e5 Bc5 13. 0-0 Qf5 14. Ba3 Bb6 15. Nd4 Qg6 16. e6 Bxe6 17. Nxe6 fxe6 18. Bxe6 Nge7 19. Nd2 Rd8 20. Nf3 Rf8 21. Kh1 Rd3 22. Rad1 Rf6 23. Rxd3 Qxd3 24. Rd1 Qe2 25. Bd7+ 1-0

[Event "Hilversum op"]
[Site "Hilversum"]
[Date "2023.06.24"]
[Round "4"]
[White "Van Foreest, Machteld"]
[Black "Shakhverdian, William"]
[Result "1-0"]
[WhiteElo "2300"]
[BlackElo "2166"]
[PlyCount "117"]
[EventDate "2023.06.23"]
[EventType "swiss"]
[EventRounds "6"]
[EventCountry "NED"]
[SourceTitle "CBM 214 Extra"]
[Source "ChessBase"]
[SourceDate "2023.07.31"]
[SourceVersion "1"]
[SourceVersionDate "2023.07.31"]
[SourceQuality "1"]

1. e4 e5 2. Nf3 Nc6 3. Bc4 Bc5 4. c3 Nf6 5. d3 a5 6. 0-0 d6 7. Bb3 0-0 8. Nbd2 h6 9. h3 Ba7 10. Re1 Re8 11. Nf1 Be6 12. Ba4 Rb8 13. Be3 Bxe3 14. Nxe3 b5 15. Bc2 d5 16. exd5 Nxd5 17. d4 Nxe3 18. fxe3 exd4 19. exd4 Qd7 20. Qd3 g6 21. Rxe6 Rxe6 22. d5 Rd8 23. dxe6 Qxd3 24. Bxd3 Rxd3 25. Ne5 Rd6 26. exf7+ Kf8 27. Nxc6 Rxc6 28. Rf1 b4 29. cxb4 axb4 30. Rf2 Ra6 31. b3 c5 32. Kh2 Rc6 33. Kg3 c4 34. bxc4 Rxc4 35. Rf6 Rc2 36. Rxg6 Rxa2 37. Rxh6 Kxf7 38. Rb6 Rb2 39. h4 Rb1 40. Kg4 b3 41. Kg5 b2 42. g4 Kf8 43. h5 Kf7 44. h6 Rc1 45. Rb7+ Kg8 46. Rxb2 Rc5+ 47. Kg6 Rc6+ 48. Kh5 Rc8 49. g5 Kh8 50. Rb6 Ra8 51. Rd6 Rb8 52. Rd5 Ra8 53. g6 Rb8 54. Kg5 Ra8 55. Kf6 Ra6+ 56. Kf7 Ra7+ 57. Ke6 Ra8 58. Ke7 Rf8 59. g7+ 1-0

[Event "Groningen op 58th"]
[Site "Groningen"]
[Date "2022.12.21"]
[Round "1"]
[White "Pranav, Anand"]
[Black "Shakhverdian, William"]
[Result "1-0"]
[WhiteElo "2512"]
[BlackElo "2143"]
[PlyCount "77"]
[EventDate "2022.12.21"]
[EventType "swiss"]
[EventRounds "9"]
[EventCountry "NED"]
[SourceTitle "CBM 211 Extra"]
[Source "ChessBase"]
[SourceDate "2023.01.31"]
[SourceVersion "1"]
[SourceVersionDate "2023.01.31"]
[SourceQuality "1"]

1. d4 d5 2. c4 e6 3. Nf3 Nf6 4. g3 Be7 5. Bg2 0-0 6. 0-0 dxc4 7. Qc2 a6 8. a4 Bd7 9. Qxc4 b5 10. Qc2 Bc6 11. Bf4 Nd5 12. Ne5 Nb4 13. Nxc6 N8xc6 14. Qd2 Rc8 15. axb5 axb5 16. Rd1 Nd5 17. Nc3 Bb4 18. Bxd5 Bxc3 19. Qxc3 Qxd5 20. Rac1 Ne7 21. f3 Qd7 22. e4 f5 23. Bxc7 fxe4 24. fxe4 Ng6 25. Qc6 Qe7 26. Qc5 Qd7 27. Qd6 Qe8 28. Rf1 Rf7 29. Ba5 Ra8 30. Rxf7 Qxf7 31. Rf1 Qe8 32. Bc3 Rd8 33. Qc5 Rc8 34. Qg5 Qc6 35. Qg4 Qc4 36. d5 exd5 37. Qe6+ Kh8 38. Bxg7+ Kxg7 39. Rf7+ 1-0

[Event "Hoogeveen op 25th"]
[Site "Hoogeveen"]
[Date "2022.10.18"]
[Round "4"]
[White "Shakhverdian, William"]
[Black "Hovhannisyan, Robert"]
[Result "0-1"]
[WhiteElo "2123"]
[BlackElo "2601"]
[PlyCount "80"]
[EventDate "2022.10.15"]
[EventType "swiss"]
[EventRounds "9"]
[EventCountry "NED"]
[SourceTitle "CBM 210 Extra"]
[Source "ChessBase"]
[SourceDate "2022.11.30"]
[SourceVersion "1"]
[SourceVersionDate "2022.11.30"]
[SourceQuality "1"]

1. d4 Nf6 2. c4 e6 3. Nf3 Bb4+ 4. Bd2 Qe7 5. Nc3 0-0 6. e3 b6 7. Bd3 Bb7 8. Qe2 d5 9. a3 Bd6 10. e4 dxe4 11. Nxe4 Nxe4 12. Bxe4 Bxe4 13. Qxe4 Nd7 14. 0-0 c5 15. Rfd1 Rad8 16. Bc3 Rfe8 17. Rd2 f5 18. Qe2 Nf6 19. dxc5 Bxc5 20. Rxd8 Rxd8 21. Bxf6 Qxf6 22. Re1 Bd4 23. b3 e5 24. g3 e4 25. Nxd4 Qxd4 26. Qh5 Qd2 27. Qe2 Kf7 28. b4 Qxe2 29. Rxe2 Rd3 30. c5 bxc5 31. bxc5 Ke6 32. g4 g6 33. gxf5+ gxf5 34. Rc2 Kd7 35. c6+ Kc7 36. Rc5 f4 37. Ra5 f3 38. Rxa7+ Kxc6 39. h4 Rd1+ 40. Kh2 e3 0-1

[Event "Vlissingen HZ op 24th"]
[Site "Vlissingen"]
[Date "2022.08.11"]
[Round "7"]
[White "Harsha, Bharathakoti"]
[Black "Shakhverdian, William"]
[Result "1-0"]
[WhiteElo "2557"]
[BlackElo "2046"]
[PlyCount "125"]
[EventDate "2022.08.06"]
[EventType "swiss"]
[EventRounds "9"]
[EventCountry "NED"]
[SourceTitle "CBM 209 Extra"]
[Source "ChessBase"]
[SourceDate "2022.09.30"]
[SourceVersion "1"]
[SourceVersionDate "2022.09.30"]
[SourceQuality "1"]

1. d4 d5 2. c4 e6 3. Nc3 a6 4. cxd5 exd5 5. Bf4 Nf6 6. e3 Bd6 7. Bg5 c6 8. Bd3 Be6 9. Qc2 c5 10. dxc5 Bxc5 11. Nge2 Nc6 12. Rd1 Be7 13. Nf4 Nb4 14. Qb3 0-0 15. 0-0 Qd6 16. Bb1 h6 17. Bh4 Rfd8 18. a3 d4 19. Nxe6 Qxe6 20. Qxe6 fxe6 21. exd4 Nc6 22. Ne2 Nd5 23. Bxe7 Ncxe7 24. Rfe1 Rac8 25. Nc1 Rd6 26. Nd3 b6 27. Ba2 Rcd8 28. Ne5 b5 29. Nd3 Nc7 30. Rc1 Ncd5 31. Nc5 Rc8 32. Rcd1 Rcc6 33. g3 Kf8 34. Rd3 g6 35. b4 Kg7 36. h4 h5 37. Bb3 Nf5 38. Bxd5 Rxd5 39. Nxe6+ Kf6 40. Nc5 Rxd4 41. Nd7+ Kg7 42. Rxd4 Nxd4 43. Re7+ Kg8 44. Ne5 Rf6 45. Rc7 Re6 46. f4 Nf5 47. Kf2 Rd6 48. Kf3 Nd4+ 49. Kg2 Nf5 50. Kh3 Rd1 51. Rc6 Ne3 52. Rxg6+ Kh7 53. g4 hxg4+ 54. Kg3 Rd2 55. f5 Nxf5+ 56. Kxg4 Ne3+ 57. Kf3 Nc2 58. Rxa6 Rd5 59. Kf4 Rd4+ 60. Kg5 Re4 61. Ra7+ Kg8 62. Kg6 Kf8 63. Nd7+ 1-0

[Event "Vlissingen HZ op 24th"]
[Site "Vlissingen"]
[Date "2022.08.07"]
[Round "2"]
[White "Shakhverdian, William"]
[Black "Ikonnikov, Vyacheslav"]
[Result "0-1"]
[WhiteElo "2046"]
[BlackElo "2493"]
[PlyCount "52"]
[EventDate "2022.08.06"]
[EventType "swiss"]
[EventRounds "9"]
[EventCountry "NED"]
[SourceTitle "CBM 209 Extra"]
[Source "ChessBase"]
[SourceDate "2022.09.30"]
[SourceVersion "1"]
[SourceVersionDate "2022.09.30"]
[SourceQuality "1"]

1. d4 Nf6 2. c4 e6 3. g3 Bb4+ 4. Bd2 a5 5. Bg2 d6 6. Nc3 Nbd7 7. e3 c6 8. Nge2 d5 9. b3 0-0 10. 0-0 Re8 11. a3 Bf8 12. e4 dxe4 13. Nxe4 Nxe4 14. Bxe4 e5 15. Re1 exd4 16. Nxd4 Rxe4 17. Rxe4 Nc5 18. Rf4 g5 19. Rg4 h6 20. Qf3 Bg7 21. Be3 Qf6 22. Qe2 Qg6 23. Rd1 f5 24. b4 axb4 25. axb4 Nd7 26. Qc2 Ne5 0-1

[Event "Dieren op"]
[Site "Dieren"]
[Date "2022.08.02"]
[Round "7"]
[White "Shakhverdian, William"]
[Black "Baselmans, Luuk"]
[Result "0-1"]
[WhiteElo "2040"]
[BlackElo "2256"]
[PlyCount "44"]
[EventDate "2022.07.26"]
[EventType "swiss"]
[EventRounds "9"]
[EventCountry "NED"]
[SourceTitle "CBM 209 Extra"]
[Source "ChessBase"]
[SourceDate "2022.09.30"]
[SourceVersion "1"]
[SourceVersionDate "2022.09.30"]
[SourceQuality "1"]

1. d4 Nf6 2. c4 e6 3. Nc3 Bb4 4. f3 c5 5. d5 0-0 6. e4 b5 7. a4 bxc4 8. Bxc4 exd5 9. Bxd5 Nxd5 10. Qxd5 Ba6 11. Nge2 Nc6 12. Be3 Bxc3+ 13. bxc3 Rb8 14. Rd1 Qh4+ 15. Ng3 Qf6 16. Qxc5 Rb2 17. Rd6 Qd8 18. Rd2 Qb8 19. Nh5 Rxd2 20. Bxd2 Ne5 21. Qd4 Nd3+ 22. Kd1 Qb3+ 0-1

[Event "Dieren op"]
[Site "Dieren"]
[Date "2022.07.28"]
[Round "3"]
[White "Shakhverdian, William"]
[Black "Albers, Sasa"]
[Result "1/2-1/2"]
[WhiteElo "2040"]
[BlackElo "2203"]
[PlyCount "56"]
[EventDate "2022.07.26"]
[EventType "swiss"]
[EventRounds "9"]
[EventCountry "NED"]
[SourceTitle "CBM 209 Extra"]
[Source "ChessBase"]
[SourceDate "2022.09.30"]
[SourceVersion "1"]
[SourceVersionDate "2022.09.30"]
[SourceQuality "1"]

1. e4 c6 2. Nc3 d5 3. Qf3 dxe4 4. Nxe4 Nd7 5. d4 Ndf6 6. c3 Nxe4 7. Qxe4 Nf6 8. Qc2 Qd5 9. Nf3 Bf5 10. Qb3 Qxb3 11. axb3 e6 12. b4 Bd6 13. Bc4 h6 14. 0-0 0-0 15. Re1 Nd7 16. h3 a6 17. Bb3 Bc7 18. Be3 Rfe8 19. g4 Bh7 20. Red1 Rad8 21. Ne1 Nb6 22. Nd3 Bxd3 23. Rxd3 Nd5 24. Bd2 Nf4 25. Bxf4 Bxf4 26. Rad1 Rd7 27. Kg2 Red8 28. Kf3 Bc7 1/2-1/2

[Event "Dieren op"]
[Site "Dieren"]
[Date "2022.07.27"]
[Round "2"]
[White "Grutter, Tim"]
[Black "Shakhverdian, William"]
[Result "1-0"]
[WhiteElo "2246"]
[BlackElo "2040"]
[PlyCount "97"]
[EventDate "2022.07.26"]
[EventType "swiss"]
[EventRounds "9"]
[EventCountry "NED"]
[SourceTitle "CBM 209 Extra"]
[Source "ChessBase"]
[SourceDate "2022.09.30"]
[SourceVersion "1"]
[SourceVersionDate "2022.09.30"]
[SourceQuality "1"]

1. e4 e5 2. Nf3 Nc6 3. Bb5 a6 4. Ba4 d6 5. Bxc6+ bxc6 6. d4 exd4 7. Qxd4 c5 8. Qe3 g6 9. Nc3 Bg4 10. b3 Bg7 11. Bb2 Ne7 12. 0-0-0 0-0 13. Na4 Bxb2+ 14. Nxb2 Nc6 15. Rd2 Qf6 16. e5 dxe5 17. Ng5 Nd4 18. Ne4 Qe7 19. f3 Bf5 20. c3 Nb5 21. Nxc5 Rfd8 22. Rhd1 Rxd2 23. Rxd2 h5 24. Nc4 Nxc3 25. Qxe5 Qxe5 26. Nxe5 Re8 27. Ned3 a5 28. Kb2 Nd5 29. Nf2 Nf6 30. a4 Re5 31. Nfd3 Rd5 32. Kc3 h4 33. g4 hxg3 34. hxg3 g5 35. g4 Bxd3 36. Nxd3 Nd7 37. Nb2 Rc5+ 38. Nc4 Ne5 39. Rd8+ Kg7 40. Ra8 Nc6 41. Rc8 Ne7 42. Rb8 Nc6 43. Rb7 Nd8 44. Ra7 Kf6 45. Kd4 Ne6+ 46. Ke4 Rc6 47. Rxa5 Nf4 48. Rf5+ Ke7 49. Rxf7+ 1-0

[Event "Hoogeveen op 24th"]
[Site "Hoogeveen"]
[Date "2021.10.19"]
[Round "5"]
[White "Meurs, Tom WA"]
[Black "Shakhverdian, William"]
[Result "1-0"]
[WhiteElo "2217"]
[BlackElo "2067"]
[PlyCount "63"]
[EventDate "2021.10.15"]
[EventType "swiss"]
[EventRounds "9"]
[EventCountry "NED"]
[SourceTitle "CBM 204 Extra"]
[Source "ChessBase"]
[SourceDate "2021.11.30"]
[SourceVersion "1"]
[SourceVersionDate "2021.11.30"]
[SourceQuality "1"]

1. e4 e5 2. Nf3 Nc6 3. Bb5 a6 4. Ba4 Nf6 5. 0-0 Be7 6. d3 b5 7. Bb3 0-0 8. Nc3 d6 9. a3 Bg4 10. Be3 Nd4 11. Bxd4 exd4 12. Nd5 c6 13. h3 Bxf3 14. Nxf6+ Bxf6 15. Qxf3 Qd7 16. a4 Kh8 17. Qg4 Qxg4 18. hxg4 g6 19. axb5 axb5 20. Rxa8 Rxa8 21. Bxf7 Kg7 22. Bb3 g5 23. g3 Ra7 24. f4 h6 25. Kg2 c5 26. Bd5 c4 27. dxc4 b4 28. c5 gxf4 29. gxf4 dxc5 30. e5 Bd8 31. f5 Bg5 32. f6+ 1-0

[Event "NED-ch U18"]
[Site "Almelo"]
[Date "2021.08.07"]
[Round "7"]
[White "Shakhverdian, William"]
[Black "Hubers, Daan"]
[Result "1-0"]
[WhiteElo "2074"]
[BlackElo "1695"]
[PlyCount "99"]
[EventDate "2021.08.01"]
[EventType "swiss"]
[EventRounds "7"]
[EventCountry "NED"]
[SourceTitle "CBM 203 Extra"]
[Source "ChessBase"]
[SourceDate "2021.09.30"]
[SourceVersion "1"]
[SourceVersionDate "2021.09.30"]
[SourceQuality "1"]

1. d4 Nf6 2. c4 b6 3. Nc3 Bb7 4. Qc2 d5 5. cxd5 Nxd5 6. e4 Nxc3 7. bxc3 e5 8. d5 Nd7 9. Nf3 f6 10. Be3 Bd6 11. Bd3 Qe7 12. Nd2 a6 13. 0-0 0-0-0 14. Qa4 a5 15. Bb5 Bc5 16. Bxd7+ Rxd7 17. Bxc5 Qxc5 18. Rfc1 Ba6 19. Nb3 Qc4 20. Qxc4 Bxc4 21. Nd2 Ba6 22. c4 c6 23. Rab1 Kc7 24. f3 Rb8 25. Kf2 c5 26. Ke3 g5 27. g3 Rf8 28. f4 g4 29. Rf1 Rdf7 30. Rf2 Bc8 31. Rbf1 exf4+ 32. gxf4 Re8 33. Kd3 Rfe7 34. Re1 h5 35. Rfe2 Kd6 36. e5+ fxe5 37. Ne4+ Kd7 38. Nf6+ Kd8 39. Nxe8 e4+ 40. Rxe4 Bf5 41. Nd6 Bxe4+ 42. Rxe4 Rg7 43. Nf5 Rf7 44. Ne3 Kd7 45. f5 Rf8 46. a4 Rg8 47. Re6 g3 48. hxg3 Rxg3 49. Rxb6 h4 50. Rh6 1-0

[Event "NED-ch U18"]
[Site "Almelo"]
[Date "2021.08.04"]
[Round "4"]
[White "Elgersma, Onno"]
[Black "Shakhverdian, William"]
[Result "1-0"]
[WhiteElo "2292"]
[BlackElo "2074"]
[PlyCount "119"]
[EventDate "2021.08.01"]
[EventType "swiss"]
[EventRounds "7"]
[EventCountry "NED"]
[SourceTitle "CBM 203 Extra"]
[Source "ChessBase"]
[SourceDate "2021.09.30"]
[SourceVersion "1"]
[SourceVersionDate "2021.09.30"]
[SourceQuality "1"]

1. c4 e6 2. Nc3 d5 3. d4 a6 4. c5 e5 5. e3 Nc6 6. Nf3 e4 7. Nd2 f5 8. Qb3 Nf6 9. Be2 g6 10. 0-0 Bh6 11. Kh1 0-0 12. f4 g5 13. fxg5 Bxg5 14. Nd1 Kh8 15. Nf2 Ne7 16. Nh3 Bh6 17. Nb1 Ng6 18. Nc3 c6 19. Bd2 Ng4 20. Bxg4 fxg4 21. Nf4 Bxf4 22. exf4 Nh4 23. Ne2 Nf5 24. Ng3 Qe7 25. Nxf5 Bxf5 26. Qe3 Rg8 27. Be1 h6 28. Rc1 Raf8 29. Rc3 Rf7 30. Rb3 h5 31. Qg3 Rh7 32. Qh4 Qxh4 33. Bxh4 Rf7 34. Re3 Rgf8 35. Kg1 Bc8 36. g3 Kh7 37. Kf2 Kg6 38. Rb3 Kf5 39. Ke3 Be6 40. Rb6 Rd7 41. Rc1 Rh7 42. Rc3 Rc7 43. Ra3 Bc8 44. Ra5 Ke6 45. Bg5 Kf5 46. b4 Kg6 47. b5 Kf5 48. bxc6 bxc6 49. Ra3 Bb7 50. Rab3 Rff7 51. Rb1 Rh7 52. Rh1 Rcd7 53. Rb2 Kg6 54. h3 Rdf7 55. hxg4 hxg4 56. Rbh2 Rxh2 57. Rxh2 Rh7 58. f5+ Kg7 59. Rxh7+ Kxh7 60. Kf4 1-0

[Event "NED-ch U18"]
[Site "Almelo"]
[Date "2021.08.03"]
[Round "3"]
[White "Shakhverdian, William"]
[Black "Arnold, Kiri"]
[Result "1-0"]
[WhiteElo "2074"]
[BlackElo "1827"]
[PlyCount "97"]
[EventDate "2021.08.01"]
[EventType "swiss"]
[EventRounds "7"]
[EventCountry "NED"]
[SourceTitle "CBM 203 Extra"]
[Source "ChessBase"]
[SourceDate "2021.09.30"]
[SourceVersion "1"]
[SourceVersionDate "2021.09.30"]
[SourceQuality "1"]

1. d4 Nf6 2. c4 c5 3. d5 b5 4. Nf3 bxc4 5. Nc3 e6 6. e4 Bb7 7. Bxc4 exd5 8. exd5 d6 9. 0-0 Be7 10. a4 0-0 11. a5 a6 12. h3 Nbd7 13. Bf4 Qc7 14. Qd3 Rfd8 15. Rfe1 Nf8 16. Bh2 Ng6 17. Nd2 Ne5 18. Qe2 Ng6 19. f4 Nd7 20. Nde4 Bf6 21. Nxf6+ Nxf6 22. Qd3 h6 23. b3 Kf8 24. Qd2 Ne7 25. g4 h5 26. g5 Nfg8 27. Qd3 Qd7 28. Rad1 Nf5 29. Na4 Nd4 30. Nb6 Qc7 31. Nxa8 Rxa8 32. Kh1 Bc8 33. Bg1 Bf5 34. Qc3 Nc2 35. Re2 Nb4 36. Ra1 Qd7 37. Kh2 Ne7 38. Qf3 Kg8 39. Qxh5 Bg6 40. Qf3 Kh7 41. Bf2 Rh8 42. Rae1 Nf5 43. h4 f6 44. gxf6 Kg8 45. fxg7 Rh6 46. Qg4 Bh5 47. Qg5 Bxe2 48. Rxe2 Qxg7 49. Qxf5 1-0

[Event "Groningen op 57th"]
[Site "Groningen"]
[Date "2019.12.28"]
[Round "7"]
[White "Ypma, Jord"]
[Black "Shakhverdian, William"]
[Result "1/2-1/2"]
[WhiteElo "2070"]
[BlackElo "2039"]
[PlyCount "55"]
[EventDate "2019.12.21"]
[EventType "swiss"]
[EventRounds "9"]
[EventCountry "NED"]
[SourceTitle "CBM 194 Extra"]
[Source "ChessBase"]
[SourceDate "2020.03.31"]
[SourceVersion "1"]
[SourceVersionDate "2020.03.31"]
[SourceQuality "1"]

1. d4 d5 2. c4 c6 3. Nf3 Nf6 4. Nc3 Bf5 5. cxd5 Nxd5 6. g3 h6 7. Bg2 e6 8. 0-0 Nd7 9. Nd2 Bh7 10. e4 Nxc3 11. bxc3 e5 12. Rb1 Qc7 13. Nc4 b5 14. Nxe5 Nxe5 15. dxe5 Qxe5 16. Bf4 Qe6 17. a4 a6 18. axb5 axb5 19. Ra1 Rd8 20. Qf3 Bc5 21. e5 0-0 22. Ra6 Rd3 23. Qxc6 Qxc6 24. Bxc6 Rxc3 25. Be3 Bb4 26. Rb6 Bc5 27. Ra6 Bb4 28. Rb6 1/2-1/2

[Event "Hoogeveen op 23rd"]
[Site "Hoogeveen"]
[Date "2019.10.23"]
[Round "6"]
[White "Shakhverdian, William"]
[Black "Labruyere, Roger"]
[Result "1-0"]
[WhiteElo "2109"]
[BlackElo "1932"]
[PlyCount "107"]
[EventDate "2019.10.19"]
[EventType "swiss"]
[EventRounds "9"]
[EventCountry "NED"]
[SourceTitle "CBM 192 Extra"]
[Source "Chessbase"]
[SourceDate "2019.11.06"]
[SourceVersion "1"]
[SourceVersionDate "2019.11.06"]
[SourceQuality "1"]

1. d4 Nf6 2. c4 c5 3. d5 b5 4. Qc2 bxc4 5. e4 d6 6. Bxc4 g6 7. Nf3 Bg7 8. 0-0 0-0 9. h3 Nbd7 10. Rd1 Ne8 11. Bd2 Nb6 12. Be2 Nc7 13. Bc3 f6 14. a4 Bd7 15. b3 Qe8 16. Na3 Qf7 17. Nc4 Nxc4 18. Bxc4 Rab8 19. Qe2 Na8 20. a5 Nc7 21. Rab1 Nb5 22. Bb2 a6 23. Re1 Rbc8 24. Qd2 Rb8 25. Rbd1 Kh8 26. Qc1 Nc7 27. Qa1 Bb5 28. Bc3 Rb7 29. h4 Bd7 30. Rd3 Nb5 31. Bb2 h5 32. Nh2 Rbb8 33. f4 Kh7 34. Rf1 Qg8 35. Qd1 Nd4 36. Bxd4 cxd4 37. Qe2 Bb5 38. Rxd4 Rfc8 39. Nf3 Qd8 40. e5 Qxa5 41. exd6 exd6 42. f5 Be8 43. Bd3 Qb6 44. Kh1 Qxb3 45. fxg6+ Bxg6 46. Ng5+ fxg5 47. Qxh5+ Kg8 48. Bxg6 Bh6 49. Bf7+ Kf8 50. Qxh6+ Ke7 51. Qe6+ Kf8 52. Be8+ Kg7 53. Qg6+ Kh8 54. Rf8# 1-0

[Event "NED-ch U20 op"]
[Site "Borne"]
[Date "2019.08.10"]
[Round "9"]
[White "Shakhverdian, William"]
[Black "Godde, Matthias"]
[Result "1-0"]
[WhiteElo "2045"]
[BlackElo "1989"]
[PlyCount "101"]
[EventDate "2019.08.05"]
[EventType "swiss"]
[EventRounds "9"]
[EventCountry "NED"]
[SourceTitle "CBM 191 Extra"]
[Source "ChessBase"]
[SourceDate "2019.09.30"]
[SourceVersion "1"]
[SourceVersionDate "2019.09.30"]
[SourceQuality "1"]

1. d4 Nf6 2. c4 g6 3. Nc3 Bg7 4. e4 d6 5. Be2 0-0 6. Bg5 h6 7. Be3 e5 8. d5 Nbd7 9. g4 Nc5 10. f3 a5 11. Qd2 Kh7 12. h4 Ne8 13. h5 g5 14. Nh3 Bf6 15. 0-0 Bd7 16. Nf2 Be7 17. Nh1 Ng7 18. Ng3 a4 19. Rab1 b6 20. Rfc1 Ra7 21. b4 axb3 22. axb3 Ra3 23. Bd1 Qa8 24. b4 Nb7 25. Nb5 Bxb5 26. cxb5 Rc8 27. Bb3 Qa7 28. Qb2 Bd8 29. Nf1 Ra8 30. Nd2 Qb8 31. Nc4 R3a7 32. Kg2 f6 33. Kg3 Kh8 34. Bd2 Kh7 35. Ne3 Kh8 36. Qc2 Kg8 37. Qc6 Qc8 38. Nf5 Nxf5+ 39. exf5 Kf8 40. Be3 Ke7 41. Bxb6 cxb6 42. Qxc8 Rxc8 43. Rxc8 Kd7 44. Rbc1 Ra3 45. Rb8 Ra7 46. Kf2 Ke7 47. Ke2 Kd7 48. Kd2 Ke7 49. Kc2 Kd7 50. Kb2 Ke7 51. Ra1 1-0

[Event "NED-ch U20 op"]
[Site "Borne"]
[Date "2019.08.07"]
[Round "4"]
[White "Shakhverdian, William"]
[Black "Ypma, Jord"]
[Result "1/2-1/2"]
[WhiteElo "2045"]
[BlackElo "1984"]
[PlyCount "62"]
[EventDate "2019.08.05"]
[EventType "swiss"]
[EventRounds "9"]
[EventCountry "NED"]
[SourceTitle "CBM 191 Extra"]
[Source "ChessBase"]
[SourceDate "2019.09.30"]
[SourceVersion "1"]
[SourceVersionDate "2019.09.30"]
[SourceQuality "1"]

1. d4 d5 2. c4 c6 3. Nf3 Nf6 4. Nc3 e6 5. e3 a6 6. cxd5 exd5 7. Bd3 Be7 8. Bd2 0-0 9. h3 Nbd7 10. 0-0 Re8 11. Rc1 Nf8 12. Na4 Ng6 13. Qb3 Bd6 14. Nb6 Rb8 15. Nxc8 Qxc8 16. Qc2 Ne4 17. Be1 Qd8 18. Qe2 f5 19. Nd2 f4 20. Bxe4 dxe4 21. Qg4 Bc7 22. Nc4 Qd5 23. exf4 Nxf4 24. Ne3 Qf7 25. g3 h5 26. Qd1 Nxh3+ 27. Kg2 Ng5 28. Qb3 Re6 29. Rh1 Rf8 30. Rc5 Nf3 31. Rf5 Qd7 1/2-1/2

[Event "NED-ch U20 op"]
[Site "Borne"]
[Date "2019.08.06"]
[Round "2"]
[White "Shakhverdian, William"]
[Black "Klaren, Duncan"]
[Result "1-0"]
[WhiteElo "2045"]
[BlackElo "1964"]
[PlyCount "69"]
[EventDate "2019.08.05"]
[EventType "swiss"]
[EventRounds "9"]
[EventCountry "NED"]
[SourceTitle "CBM 191 Extra"]
[Source "ChessBase"]
[SourceDate "2019.09.30"]
[SourceVersion "1"]
[SourceVersionDate "2019.09.30"]
[SourceQuality "1"]

1. d4 Nf6 2. c4 e6 3. Nf3 b6 4. g3 Ba6 5. Bg2 Bxc4 6. Nfd2 Bd5 7. e4 Bb7 8. 0-0 c5 9. dxc5 Bxc5 10. a3 0-0 11. b4 Be7 12. Bb2 d6 13. Nc3 Nbd7 14. Rc1 Ne5 15. Qe2 a5 16. b5 Ned7 17. Rfd1 Rc8 18. e5 Nd5 19. Nxd5 Bxd5 20. Bxd5 exd5 21. Rxc8 Qxc8 22. Rc1 Nc5 23. Qf3 dxe5 24. Bxe5 Qe6 25. Bd4 Re8 26. Nb3 Ne4 27. Rc6 Ng5 28. Qe3 Qh3 29. Nd2 Ne6 30. Bxb6 Bxa3 31. Nf3 Qf5 32. Qxa3 Nf4 33. gxf4 Qg4+ 34. Kh1 Qh3 35. Qd3 1-0

[Event "Hoogeveen op 22nd"]
[Site "Hoogeveen"]
[Date "2018.10.27"]
[Round "9"]
[White "Shakhverdian, William"]
[Black "Brands, Kevin"]
[Result "1/2-1/2"]
[WhiteElo "1903"]
[BlackElo "1862"]
[PlyCount "72"]
[EventDate "2018.10.20"]
[EventType "swiss"]
[EventRounds "9"]
[EventCountry "NED"]
[SourceTitle "CBM 187 Extra"]
[Source "ChessBase"]
[SourceDate "2018.11.04"]
[SourceVersion "1"]
[SourceVersionDate "2018.11.04"]
[SourceQuality "1"]

1. d4 Nf6 2. c4 g6 3. Nc3 d5 4. cxd5 Nxd5 5. e4 Nxc3 6. bxc3 Bg7 7. Be3 c5 8. Qd2 cxd4 9. cxd4 Nc6 10. Rd1 0-0 11. h3 Qa5 12. Qxa5 Nxa5 13. Nf3 Rd8 14. Be2 Bd7 15. 0-0 Rac8 16. Rc1 b5 17. d5 Nc4 18. Bxa7 Ra8 19. Bd4 Rxa2 20. Bxc4 bxc4 21. Bxg7 Kxg7 22. Rfd1 Rb8 23. Rd2 Ra4 24. Rc3 Rb3 25. Rdc2 Bb5 26. Nd2 Rxc3 27. Rxc3 Ra1+ 28. Kh2 Ra2 29. Nxc4 Rxf2 30. Kg3 Ra2 31. Ne3 Ra4 32. Kf3 Ra7 33. Rc5 Bd3 34. Rc3 Bb5 35. Rb3 Rb7 36. Rc3 Ra7 1/2-1/2